000 00723nam a2200241Ia 4500
003 OSt
005 20220927105313.0
006 a|||||r|||| 00| 0
007 ta
008 220926b |||||||| |||| 00| 0 eng d
024 _a173831
037 _cReference Collections
040 _aRTL
_cRTL
_beng
041 _2eng
_aeng
082 _a"V596:8a17.4498, M4"
100 _aPARANAVITNA K D
_9371539
245 0 _aInventory of Sri Lanka maps in the general State archeves in the Netherlands
260 _aColombo
_bMPI
_c1984
300 _a"xxii,52p"
_ccm.
650 _aSri lanka map
_9371540
942 _h"V596:8a17.4498, M4"
_cCC
999 _c691689
_d691689